| 000 | 00504nam a2200193Ia 4500 | ||
|---|---|---|---|
| 008 | 140424s9999 xx 000 0 und d | ||
| 100 | _aJayakrishnan J.S (12650008) | ||
| 245 | _aKerala public library network: A project report | ||
| 502 | _bPGDeG | ||
| 502 | _c2013 | ||
| 502 | _dInternal | ||
| 502 | _eSadasivan K.P | ||
| 502 | _fAjith Brahmanandan (NIC) | ||
| 502 | _g"NIC, Trivandrum" | ||
| 650 | _aICT | ||
| 650 | _aICT | ||
| 650 | _aINFORMATION COMMUNICATION TECHNOLOGY | ||
| 650 | _aKPLNET | ||
| 999 |
_c4425 _d4425 |
||